00325nam a2200133 a 45000010010000000030011000100080041000210350026000620820012000881000020001002450022001202600035001426500014001770000-9159ELIB.Books110520 1960  a(ELIB.Books)0000-9311 aB bAik aAikawa, Takaaki aUnwilling Patriot bJapan: The Judson Press c1960 aBiography